A Reader in international corporate finance / (Record no. 7060)
[ view plain ]
| 000 -LEADER | |
|---|---|
| fixed length control field | 00848nam a22002532 4500 |
| 001 - CONTROL NUMBER | |
| control field | 0000005749 |
| 005 - DATE AND TIME OF LATEST TRANSACTION | |
| control field | 20151217152005.0 |
| 008 - FIXED-LENGTH DATA ELEMENTS--GENERAL INFORMATION | |
| fixed length control field | 070716s xx 000 0 eng d |
| 020 ## - INTERNATIONAL STANDARD BOOK NUMBER | |
| International Standard Book Number | 082136698X (v. 1) : |
| Terms of availability | KES 1,800 |
| 020 ## - INTERNATIONAL STANDARD BOOK NUMBER | |
| International Standard Book Number | 0821367005 (v. 2) : |
| Terms of availability | KES 1,800 |
| 040 ## - CATALOGING SOURCE | |
| Original cataloging agency | KABU |
| Transcribing agency | KABU |
| 050 #0 - LIBRARY OF CONGRESS CALL NUMBER | |
| Classification number | HG4026 |
| Item number | .R43 |
| 245 12 - TITLE STATEMENT | |
| Title | A Reader in international corporate finance / |
| Statement of responsibility, etc. | ed. by Stijn Claessens and Luc Laeven. |
| 260 ## - PUBLICATION, DISTRIBUTION, ETC. (IMPRINT) | |
| Place of publication, distribution, etc. | Washington, DC : |
| Name of publisher, distributor, etc. | World Bank, |
| Date of publication, distribution, etc. | 2006. |
| 300 ## - PHYSICAL DESCRIPTION | |
| Extent | 2 v. |
| 650 #0 - SUBJECT ADDED ENTRY--TOPICAL TERM | |
| Topical term or geographic name as entry element | Corporations |
| General subdivision | Finance. |
| -- | 0000007704 |
| 650 #0 - SUBJECT ADDED ENTRY--TOPICAL TERM | |
| Topical term or geographic name as entry element | International finance. |
| -- | 0000149975 |
| 700 1# - ADDED ENTRY--PERSONAL NAME | |
| Personal name | Claessens, Stijn. |
| -- | 0000156948 |
| 700 1# - ADDED ENTRY--PERSONAL NAME | |
| Personal name | Laeven, Luc. |
| -- | 0000156949 |
| 908 ## - PUT COMMAND PARAMETER (RLIN) | |
| Put command parameter | 070716 |
| 950 ## - LOCAL HOLDINGS (RLIN) | |
| -- | 1 |
| Withdrawn status | Lost status | Source of classification or shelving scheme | Not for loan | Home library | Current library | Date acquired | Total Checkouts | Full call number | Barcode | Date last seen | Price effective from | Koha item type |
|---|---|---|---|---|---|---|---|---|---|---|---|---|
| Library of Congress Classification | Kabarak, Main Campus | Kabarak, Main Campus | 17/12/2015 | HG4026 .R43 | 006970 | 17/12/2015 | 17/12/2015 | General Collection | ||||
| Library of Congress Classification | Kabarak, Main Campus | Kabarak, Main Campus | 17/12/2015 | HG4026 .R43 | 006971 | 17/12/2015 | 17/12/2015 | General Collection |